000 00715nam a2200289Ia 4500
005 20260324150616.0
008 008 260324s9999 xx 000 0 eng d
020 _a9780203640289
037 _aEBOOK
040 _aCRL
040 _beng
040 _cCRL
041 _2eng
041 _aeng
084 _qCRL
100 _aHarry Johnson
_91165071
245 0 _aInternational Trade and Economic Growth (Collected Works of Harry Johnson)
245 0 _bStudies in Pure Theory
260 _bTaylor and Francis
260 _c1958
365 _a
365 _b230
856 _uhttp://www.taylorfrancis.com/books/9780203640289
942 _cEBOOK
999 _c1836755
_d1836755